01323nam a2200217Ia 4500952011300000999001700113008004100130020001500171050002000186100002500206240008700231245007900318250001800397260003500415300004100450500005100491505048100542519004401023650002601067942001201093 00102lcc4070a03b03d2001-05-15l3oTK105 B56 2000p03 002013r2014-07-22s2014-07-22t1w2012-07-20yLB c79441d79441120720s2000 ck a 000 0 spa d a9586821501 aTK105bB56 200010aBlack, Uylesseautor aComputer networks, protocols, standard and interfacedlingléssTítulo original10aRedes de computadorasb : protocolos, normas e interfacesc / Uyless Black a2a. edición aMéxicob : Alfaomegac, 2000 axiv, 585 páginasb : ilustraciones aIncluye: índice alfabético (pp. 571-585) ) aIntroducción a las redes de computadoras Comunicaciones entre computadores y terminales El modelo ISA. Redes y protocolos basados en niveles Redes con sondeo/selección Redes vía satélite Redes de área local Conmutación y encaminamiento en redes de comunicación La red X.25 y sus protocolos de soporte Redes digitales TCP/IP Redes de computadores personales Centrales privadas de conmutación (PBX) y redes de comunicación de datos Protocolos de nivel superior aMaterial Complementario / d(03 002013)14aREDES DE COMPUTADORAS cLB2lcc